000 01089cam a22003377a 4500
003 CHAP
005 20220817042204.0
008 971013s1984 r 00010 d
010 _a37141
011 _a38113
035 _a42233
040 _cCHAP
082 _a634.982
_bF33
110 2 _aFAO
245 1 3 _aLa explotación maderera de bosques de montaña
_b: informe del tercer curso de capacitación FAO
_c/ Austria sobre carreteras forestales...
260 _aRoma :
_bFAO,
_c1984
300 _a285 p.
_b: ilus. ; gráfs.
490 0 _aFAO. Montes
_v; 33
590 _aBATCH-UPD
_b10
_c20130110
_lUCH01
_h0848
590 _aBATCH-UPD
_b10
_c20130410
_lUCH01
_h0521
590 _aBATCH-UPD
_b10
_c20130914
_lUCH01
_h0712
590 _aCONVERSION
_b10
_c20130109
_lUCH01
_h1321
650 1 4 _aBosques
_xExtracción.
_914174
650 1 4 _aCaminos forestales.
_917874
650 1 4 _aMadera
_xTransporte.
_969633
700 0 _aHeinrich, R.
_953365
830 0 _aFAO. Montes
_v; 33
_939632
901 _aBK
942 _cLIBRO
949 _a634.982 F33
_bBC
_cFAO
_d-97272
_eFAO1
_h63220
_i42233
_mD
_si
999 _c37141
_d37141